Top 10 Largest Islamic Empires - Statistics

General Stats
  • This quiz has been taken 127 times
  • The average score is 4 of 10
Answer Stats
No. Islamic Empires % Correct
5 Ottoman Empire
92%
8 Mughal Empire
56%
1 Abbasid Caliphate
48%
2 Umayyad Caliphate
48%
3 Rashidun Caliphate
39%
7 Fatimid Caliphate
24%
10 Ilkhanate
21%
6 Timurid Empire
18%
9 Great Seljuk Empire
7%
4 Golden Horde Khanate
4%
No matching quizzes found
Score Distribution
Percent of People with Each Score
Percentile by Number Answered
Your Score History
You have not taken this quiz